00354nam a2200121Ia 4500001000900000003000500009008004100014010001100055040000900066100002200075245005100097260008400148dia_6582CHAP220117s1969 xx 000 0 und d a177923 cCHAP aTorres B., Miguel aFertilización del trigo en el Valle del Mayo aMéxico :b Instituto Nacional de Investigaciones Agricolas, S. A. G.,c1969